01120cam a22002654a 45000010009000000050017000090080041000260100017000670200015000840350023000990400037001220420008001590500023001670820018001901000023002082450106002312500013003372600061003503000052004115040053004635050247005166500024007636500038007877000029008251398455320210414113911.0050527s2006 njua b 001 0 eng  a 2005048927 a0131494597 a(OCoLC)ocm60669113 aDLCcDLCdOCLCQdBAKERdC#PdDLC apcc00aHD30.28b.W43 200600a658.4/0122221 aWheelen, Thomas L.10aStrategic management and business policy :bconcepts and cases /cThomas L. Wheelen, J. David Hunger. a10th ed. aUpper Saddle River, NJ :bPearson Prentice Hall,cc2006. axlvii, + various pagings :bcol. ill. ;c27 cm. aIncludes bibliographical references and indexes. aContents: Introduction to strategic management and business policy -- Scanning the environment -- Strategy formulation -- Strategy implementation -- Other strategic issues -- Introduction to case analysis -- Cases in the strategic amnagement. 0aStrategic planning. 0aStrategic planningvCase studies.1 aHunger, J. David,d1941-